| 000 | 01200nam a22002777a 4500 | ||
|---|---|---|---|
| 005 | 20100811141945.0 | ||
| 010 | _aHIN-90294 | ||
| 020 |
_c300.00 _a8187212330 |
||
| 035 | _aHN-62640 | ||
| 037 | _bDBAD / PUB | ||
| 082 | _aउ | ||
| 100 |
_aशरतचन्द्र _911013 |
||
| 245 |
_aगृह दाह / _cशरतचन्द्र |
||
| 246 |
_aGrah Dah _bby Sharatchandra |
||
| 250 | _a2रा संस्क. | ||
| 260 |
_aनई दिल्ली _bश्री ज्वालाजी बुक्स ऐजूकेशनल इन्टरप्राइजिज _c2010 |
||
| 270 |
_aडबल्यूजेड-14, प्रथम तल, दयाल सर कालोनी, उत्तम नगर _bनई दिल्ली _e110059 |
||
| 300 |
_a224पृ _c22सेमी (सजिल्द) |
||
| 650 |
_bहिन्दी कथा साहित्य _9657 |
||
| 650 |
_bHindi Katha Sahitya _9658 |
||
| 700 | _97228 | ||
| 700 | _97267 | ||
| 700 | _97698 | ||
| 942 |
_adpl _cHN _k _2ddc _mशरत् _hउ |
||
| 999 |
_c41008 _d41008 |
||